000 00241nam a2200097Ia 4500
008 220204s9999 xx 000 0 und d
082 _a614
_bSAV
245 0 _aSaving our health care system
260 _aUSA
_bHarward College
_c1971
942 _cBK
999 _c37202
_d37202